| 000 | 00831nam a2200301Ia 4500 | ||
|---|---|---|---|
| 001 | 34193 | ||
| 003 | IT-RoPAU | ||
| 008 | 130308s9999 xx 000 0 und d | ||
| 040 | _aIT-RoPAU | ||
| 040 | _cIT-RoPAU | ||
| 041 | _aINGLESE | ||
| 100 | _aCuller Jonathan | ||
| 100 | _gCodice Aut. SPICS: 4114 | ||
| 245 | _aSemiology: the Saussurian Legacy | ||
| 245 | _bCulture, Ideology And Social Process | ||
| 250 | _a1a ed. | ||
| 260 | _aMILTON KEYNES | ||
| 260 | _bOpen University Press | ||
| 260 | _c1983 [1° Ed.:1981 - Ed.Ling.Originale:1981] | ||
| 300 | _a"15 p. (prefazione: no ; testo: 15 [pagine: 129-143])" | ||
| 500 | _aSemiologia Eredità saussuriana Analisi Semiologica | ||
| 650 | _aSOCIOLOGIA | ||
| 650 | _eCodice materia Spics: 3651 | ||
| 942 | _cBK | ||
| 957 | _71 | ||
| 999 |
_c42675 _d42675 |
||
| 999 | _bSI | ||
| 999 | _g1 | ||